[Event "Santa Catarina State-ch 65th"]
[Site "Rio Negrinho"]
[Date "2021.07.23"]
[Round "2"]
[White "Umetsubo, Cesar Hidemitsu"]
[Black "De Oliveira, Guilherme Alfredo B"]
[Result "1-0"]
[WhiteElo "2379"]
[BlackElo "1940"]
[PlyCount "80"]
[EventDate "2021.07.22"]
[EventType "swiss"]
[EventRounds "7"]
[EventCountry "BRA"]
[SourceTitle "EXT 2022"]
[Source "ChessBase"]
[SourceDate "2021.10.06"]
[SourceVersion "1"]
[SourceVersionDate "2021.10.06"]
[SourceQuality "1"]

1. d4 Nf6 2. c4 e6 3. Nc3 d5 4. cxd5 exd5 5. Bg5 Be7 6. e3 0-0 7. Bd3 b6 8. Bxf6 Bxf6 9. Qh5 g6 10. Qxd5 c6 11. Qxd8 Rxd8 12. Nge2 Na6 13. Be4 Bb7 14. 0-0 Nc7 15. Rac1 Ne6 16. g3 Rd7 17. Rfd1 Rad8 18. Bg2 Be7 19. a3 f5 20. h4 Kf7 21. Kf1 Bf8 22. Ke1 Be7 23. Na4 c5 24. Bxb7 Rxb7 25. dxc5 Rxd1+ 26. Kxd1 Nxc5 27. Nxc5 Bxc5 28. Nf4 h6 29. Ke2 Rd7 30. Nd3 Bd6 31. Rc6 Ke7 32. Rc8 Kf7 33. Rc6 Ke7 34. b4 Rc7 35. Rxc7+ Bxc7 36. Nf4 Kf7 37. Kd3 g5 38. hxg5 hxg5 39. Ne2 a6 40. Kc4 Ke6 1-0

[Event "Santa Catarina-ch 64th "]
[Site "Lages"]
[Date "2020.02.16"]
[Round "5"]
[White "Starke, Bruno Orlando"]
[Black "De Oliveira, Guilherme Alfredo B"]
[Result "1/2-1/2"]
[WhiteElo "2182"]
[BlackElo "1970"]
[PlyCount "68"]
[EventDate "2020.02.14"]
[EventType "swiss"]
[EventRounds "6"]
[EventCountry "BRA"]
[SourceTitle "CBM 195 Extra"]
[Source "ChessBase"]
[SourceDate "2020.05.31"]
[SourceVersion "1"]
[SourceVersionDate "2020.05.31"]
[SourceQuality "1"]

1. Nf3 d5 2. c4 c6 3. d4 Nf6 4. e3 g6 5. Nc3 Bg7 6. Bd3 0-0 7. 0-0 a6 8. b3 Bg4 9. Bb2 Nbd7 10. h3 Bf5 11. Qc2 e6 12. e4 dxe4 13. Nxe4 Bxe4 14. Bxe4 Nxe4 15. Qxe4 Qc7 16. Rad1 Rfe8 17. Rfe1 c5 18. Qc2 cxd4 19. Bxd4 f6 20. Re2 Rad8 21. Bb2 Nb8 22. Rxd8 Qxd8 23. Rd2 Qe7 24. Qd3 Kf7 25. g4 Nc6 26. Qd7 Rd8 27. Qxe7+ Kxe7 28. Rxd8 Kxd8 29. g5 e5 30. gxf6 Bxf6 31. Nd2 Kd7 32. Ne4 Be7 33. Kf1 Ke6 34. Ke2 h5 1/2-1/2

[Event "Florianopolis op 6th"]
[Site "Florianopolis"]
[Date "2020.01.21"]
[Round "2"]
[White "De Oliveira, Guilherme Alfredo B"]
[Black "Cordeiro, Yan Henrique"]
[Result "1-0"]
[WhiteElo "1991"]
[BlackElo "1749"]
[PlyCount "69"]
[EventDate "2020.01.20"]
[EventType "swiss"]
[EventRounds "10"]
[EventCountry "BRA"]
[SourceTitle "CBM 194 Extra"]
[Source "ChessBase"]
[SourceDate "2020.03.31"]
[SourceVersion "1"]
[SourceVersionDate "2020.03.31"]
[SourceQuality "1"]

1. Nf3 d5 2. c4 e6 3. b3 Nf6 4. Bb2 c6 5. e3 Nbd7 6. Be2 Be7 7. 0-0 0-0 8. d3 b6 9. Nbd2 Bb7 10. Re1 c5 11. Ne5 Nxe5 12. Bxe5 Nd7 13. Bg3 Bf6 14. Rc1 Be5 15. f4 Bd6 16. e4 dxe4 17. dxe4 e5 18. f5 Qe7 19. Bd3 Rad8 20. Nb1 Nb8 21. Nc3 Nc6 22. Nd5 Qg5 23. Bf2 Rd7 24. f6 Nb4 25. Be3 Qg6 26. fxg7 Rfd8 27. Rf1 Bxd5 28. cxd5 Kxg7 29. Rf3 Kh8 30. Rg3 Nxd3 31. Rxg6 Nxc1 32. Rg3 Nxa2 33. Bg5 Be7 34. Qg4 f6 35. Bh4 1-0

[Event "Florianopolis op 6th"]
[Site "Florianopolis"]
[Date "2020.01.20"]
[Round "1"]
[White "Delgado Ramirez, Neuris"]
[Black "De Oliveira, Guilherme Alfredo B"]
[Result "1-0"]
[WhiteElo "2636"]
[BlackElo "1991"]
[PlyCount "61"]
[EventDate "2020.01.20"]
[EventType "swiss"]
[EventRounds "10"]
[EventCountry "BRA"]
[SourceTitle "CBM 194 Extra"]
[Source "ChessBase"]
[SourceDate "2020.03.31"]
[SourceVersion "1"]
[SourceVersionDate "2020.03.31"]
[SourceQuality "1"]

1. e4 c5 2. Nf3 d6 3. d4 cxd4 4. Nxd4 Nf6 5. Nc3 a6 6. a3 e6 7. g4 Be7 8. g5 Nfd7 9. Be3 b5 10. h4 Bb7 11. Qg4 Nc6 12. 0-0-0 Nce5 13. Qg3 Rc8 14. f4 Rxc3 15. bxc3 Bxe4 16. fxe5 Bxh1 17. exd6 Bf8 18. Bf4 Qa5 19. Bg2 Bxg2 20. Qxg2 Qxa3+ 21. Kb1 Bxd6 22. Qa8+ Bb8 23. Nxb5 Qc5 24. Nc7+ Ke7 25. Bd6+ Qxd6 26. Rxd6 Kxd6 27. Nxa6 Rd8 28. c4 Bc7 29. Qb7 Bb6 30. c5+ Bxc5 31. Qc7+ 1-0

[Event "Florianopolis Winter op 5th"]
[Site "Florianopolis"]
[Date "2019.09.01"]
[Round "7"]
[White "Pereira, Geanfrancesco"]
[Black "De Oliveira, Guilherme Alfredo B"]
[Result "1-0"]
[WhiteElo "2089"]
[BlackElo "1981"]
[PlyCount "83"]
[EventDate "2019.08.30"]
[EventType "swiss"]
[EventRounds "7"]
[EventCountry "BRA"]
[SourceTitle "EXT 2020"]
[Source "ChessBase"]
[SourceDate "2019.10.17"]
[SourceVersion "1"]
[SourceVersionDate "2019.10.17"]
[SourceQuality "1"]

1. e4 c5 2. Nf3 Nc6 3. Bb5 g6 4. Bxc6 bxc6 5. 0-0 Bg7 6. d3 e5 7. Nc3 Ne7 8. Na4 d6 9. a3 0-0 10. Be3 Rb8 11. Qd2 f5 12. Bh6 f4 13. Bxg7 Kxg7 14. b4 cxb4 15. axb4 Bg4 16. d4 Nc8 17. Ra3 Bxf3 18. Rxf3 Qe7 19. Rd1 g5 20. Rb3 Rf6 21. Nc3 exd4 22. Qxd4 Nb6 23. f3 h6 24. Ra1 Rb7 25. Rba3 Nc8 26. b5 c5 27. Qd5 Rf7 28. Qa2 Qe5 29. Rd1 Nb6 30. Nd5 Nc8 31. c4 Rfd7 32. Rad3 Kg6 33. Kf2 h5 34. g3 fxg3+ 35. hxg3 Rf7 36. Qe2 Rbd7 37. f4 gxf4 38. gxf4 Nb6 39. Rf3 Qh8 40. Rg3+ Kh6 41. Qxh5+ Kxh5 42. Rh1# 1-0

[Event "Florianopolis Winter op 5th"]
[Site "Florianopolis"]
[Date "2019.08.31"]
[Round "3"]
[White "Calcado, Acyr Rogerio"]
[Black "De Oliveira, Guilherme Alfredo B"]
[Result "1-0"]
[WhiteElo "2136"]
[BlackElo "1981"]
[PlyCount "159"]
[EventDate "2019.08.30"]
[EventType "swiss"]
[EventRounds "7"]
[EventCountry "BRA"]
[SourceTitle "EXT 2020"]
[Source "ChessBase"]
[SourceDate "2019.10.17"]
[SourceVersion "1"]
[SourceVersionDate "2019.10.17"]
[SourceQuality "1"]

1. c4 Nf6 2. Nc3 e5 3. g3 d5 4. cxd5 Nxd5 5. Bg2 Nb6 6. Nf3 Nc6 7. 0-0 Be7 8. d3 Bg4 9. h3 Be6 10. Be3 f5 11. Rc1 0-0 12. Na4 f4 13. Nc5 Bc8 14. Bd2 Qd6 15. b4 Rb8 16. Ne4 Qh6 17. b5 Nd4 18. Nxd4 exd4 19. Bxf4 Rxf4 20. gxf4 Qxf4 21. Qd2 Qh4 22. Rxc7 Nd5 23. Nf6+ Bxf6 24. Bxd5+ Kh8 25. Rxc8+ Rxc8 26. Bxb7 Rf8 27. f4 Qxh3 28. Bg2 Qh5 29. a4 Bh4 30. Rf3 Qg4 31. Kh2 Be7 32. Bh3 Qh4 33. f5 Bd6+ 34. Kg2 Re8 35. a5 Qe7 36. f6 gxf6 37. Bf5 Qe5 38. Qh6 Qxe2+ 39. Rf2 Qe7 40. Be4 Be5 41. b6 axb6 42. axb6 Rg8+ 43. Kf1 Rg7 44. b7 Qb4 45. Qc1 Rc7 46. Qb2 Qxb2 47. Rxb2 Rc1+ 48. Kg2 Bb8 49. Ra2 Rc7 50. Ra4 Rd7 51. Rc4 Rd8 52. Bf5 Be5 53. Rc8 Rg8+ 54. Kf3 Kg7 55. Ke4 h5 56. Kd5 h4 57. Kc6 Rf8 58. Rc7+ Rf7 59. Bd7 Rf8 60. Bc8+ Rf7 61. b8Q Rxc7+ 62. Qxc7+ Bxc7 63. Kxc7 Kg6 64. Kd6 Kg5 65. Kd5 Kf4 66. Kxd4 f5 67. Bb7 h3 68. Bc6 h2 69. Bb7 Kg3 70. Ke3 f4+ 71. Ke2 Kg4 72. Kf2 Kf5 73. Kg2 Ke5 74. Kxh2 Kd4 75. Ba6 f3 76. Kg1 Ke3 77. Kf1 f2 78. Bb5 Kf3 79. Bc6+ Ke3 80. Be4 1-0

[Event "Florianopolis Winter op 5th"]
[Site "Florianopolis"]
[Date "2019.08.31"]
[Round "4"]
[White "De Oliveira, Guilherme Alfredo B"]
[Black "Da Silva, Joao Carlos Orguim"]
[Result "1-0"]
[WhiteElo "1981"]
[BlackElo "1793"]
[PlyCount "79"]
[EventDate "2019.08.30"]
[EventType "swiss"]
[EventRounds "7"]
[EventCountry "BRA"]
[SourceTitle "EXT 2020"]
[Source "ChessBase"]
[SourceDate "2019.10.17"]
[SourceVersion "1"]
[SourceVersionDate "2019.10.17"]
[SourceQuality "1"]

1. d4 Nf6 2. c4 d5 3. cxd5 Qxd5 4. Nc3 Qd8 5. e4 e6 6. Nf3 Be7 7. Bd3 Nbd7 8. 0-0 h6 9. Bf4 g5 10. Be3 Nh5 11. Rc1 c6 12. d5 Nf4 13. Bb1 Bf6 14. Bxf4 gxf4 15. dxe6 fxe6 16. Nd4 Bxd4 17. Qxd4 Qf6 18. e5 Qxe5 19. Qd3 Nf8 20. Rfe1 Qg7 21. b4 Bd7 22. Qd6 Rg8 23. g3 fxg3 24. fxg3 Qe7 25. Qd4 Qg7 26. Qf2 Qe7 27. Ne4 Rg7 28. Qf4 Qd8 29. Rf1 Qb6+ 30. Kh1 0-0-0 31. Nd6+ Kb8 32. Nf5+ e5 33. Qxe5+ Kc8 34. Nxg7 Qxb4 35. Nf5 Be6 36. Be4 Rd2 37. Ng7 Qxe4+ 38. Qxe4 Bd5 39. Rxf8+ Kd7 40. Qxd5+ 1-0

[Event "Florianopolis Winter op 5th"]
[Site "Florianopolis"]
[Date "2019.08.31"]
[Round "5"]
[White "Dias, Anderson Tatsch"]
[Black "De Oliveira, Guilherme Alfredo B"]
[Result "1-0"]
[WhiteElo "2177"]
[BlackElo "1981"]
[PlyCount "69"]
[EventDate "2019.08.30"]
[EventType "swiss"]
[EventRounds "7"]
[EventCountry "BRA"]
[SourceTitle "EXT 2020"]
[Source "ChessBase"]
[SourceDate "2019.10.17"]
[SourceVersion "1"]
[SourceVersionDate "2019.10.17"]
[SourceQuality "1"]

1. d4 Nf6 2. c4 e5 3. dxe5 Ng4 4. Bf4 Bc5 5. e3 d6 6. exd6 cxd6 7. Nc3 Nc6 8. Nf3 Bf5 9. Be2 Nge5 10. 0-0 0-0 11. Qd2 Rc8 12. Rfd1 Qe7 13. Nd5 Qe6 14. Nd4 Bxd4 15. exd4 Ng6 16. Bg3 Nxd4 17. Qxd4 Qxe2 18. b3 b6 19. Ne3 Be6 20. Rd2 Qh5 21. Qxd6 Qa5 22. Rad1 Rfe8 23. Nd5 Bf5 24. Qb4 Qxb4 25. Nxb4 Nf8 26. Nd5 Ne6 27. Bd6 f6 28. Ne7+ Rxe7 29. Bxe7 Kf7 30. Bb4 Nc5 31. Bxc5 Rxc5 32. Rd5 Rxd5 33. Rxd5 Ke6 34. f3 Bb1 35. Rd2 1-0

[Event "Sao Bento do Sul op"]
[Site "Sao Bento do Sul"]
[Date "2019.08.25"]
[Round "6"]
[White "De Oliveira, Guilherme Alfredo B"]
[Black "Campagnolo, Fabiola"]
[Result "1-0"]
[WhiteElo "1981"]
[BlackElo "1769"]
[PlyCount "28"]
[EventDate "2019.08.23"]
[EventType "swiss"]
[EventRounds "7"]
[EventCountry "BRA"]
[SourceTitle "EXT 2020"]
[Source "ChessBase"]
[SourceDate "2019.10.17"]
[SourceVersion "1"]
[SourceVersionDate "2019.10.17"]
[SourceQuality "1"]

1. Nf3 Nf6 2. g3 d5 3. Bg2 Nbd7 4. 0-0 e5 5. d3 b6 6. e4 dxe4 7. dxe4 Be7 8. Re1 Bd6 9. Nh4 0-0 10. Nf5 Nc5 11. Nc3 a6 12. Bg5 h6 13. Bd2 Ne6 14. Be3 Bc5 1-0

[Event "Sao Bento do Sul op"]
[Site "Sao Bento do Sul"]
[Date "2019.08.24"]
[Round "3"]
[White "Carvalho, Isis"]
[Black "De Oliveira, Guilherme Alfredo B"]
[Result "0-1"]
[WhiteElo "1556"]
[BlackElo "1981"]
[PlyCount "92"]
[EventDate "2019.08.23"]
[EventType "swiss"]
[EventRounds "7"]
[EventCountry "BRA"]
[SourceTitle "EXT 2020"]
[Source "ChessBase"]
[SourceDate "2019.10.17"]
[SourceVersion "1"]
[SourceVersionDate "2019.10.17"]
[SourceQuality "1"]

1. Nf3 g6 2. g3 Bg7 3. Bg2 e5 4. d3 Ne7 5. 0-0 0-0 6. e4 d6 7. c3 h6 8. a4 f5 9. exf5 gxf5 10. Nh4 d5 11. Qh5 Qd6 12. b3 Nd7 13. Ba3 c5 14. b4 b6 15. bxc5 bxc5 16. c4 e4 17. Ra2 Ba6 18. Rd1 Rad8 19. dxe4 Bxc4 20. Rad2 Nf6 21. Nxf5 Nxh5 22. Nxd6 Rxd6 23. Bxc5 Rd7 24. exd5 Rfd8 25. d6 Nc8 26. Bh3 Bb3 27. Bxd7 Rxd7 28. Rc1 Bxa4 29. Bb4 Rd8 30. Ba5 Nb6 31. Bxb6 axb6 32. Rc7 Bd7 33. Rb7 b5 34. Na3 b4 35. Nc4 Be6 36. Rc7 Bc3 37. Rd4 Bxd4 38. Nd2 Rxd6 39. Ne4 Rb6 40. Re7 b3 41. Re8+ Kf7 42. Rd8 b2 43. Nd2 b1Q+ 44. Nxb1 Rxb1+ 45. Kg2 Bb6 46. Rd2 Nf6 0-1

[Event "Sao Bento do Sul op"]
[Site "Sao Bento do Sul"]
[Date "2019.08.24"]
[Round "4"]
[White "De Oliveira, Guilherme Alfredo B"]
[Black "Melo, Sergio Roberto Samp"]
[Result "1-0"]
[WhiteElo "1981"]
[BlackElo "1747"]
[PlyCount "57"]
[EventDate "2019.08.23"]
[EventType "swiss"]
[EventRounds "7"]
[EventCountry "BRA"]
[SourceTitle "EXT 2020"]
[Source "ChessBase"]
[SourceDate "2019.10.17"]
[SourceVersion "1"]
[SourceVersionDate "2019.10.17"]
[SourceQuality "1"]

1. Nf3 Nf6 2. g3 d5 3. Bg2 g6 4. 0-0 Bg7 5. d3 0-0 6. Nfd2 c6 7. h3 Nbd7 8. Nc3 Qc7 9. e4 dxe4 10. dxe4 e5 11. Ne2 Nc5 12. f4 Rd8 13. Qe1 Ne6 14. f5 Nd4 15. Nxd4 Rxd4 16. Nb3 Rd6 17. g4 b6 18. Be3 h6 19. Qe2 a5 20. Qf2 c5 21. Rfd1 Rxd1+ 22. Rxd1 Bb7 23. Nd2 Rd8 24. Qe2 g5 25. Bf3 Qc8 26. Kf2 Qa8 27. h4 Bxe4 28. Nxe4 Nxe4+ 29. Bxe4 1-0

[Event "Sao Bento do Sul op 07"]
[Site "Sao Bento do Sul"]
[Date "2019.07.14"]
[Round "6"]
[White "Neitzel, Jonatan"]
[Black "De Oliveira, Guilherme Alfredo B"]
[Result "0-1"]
[WhiteElo "1630"]
[BlackElo "2016"]
[PlyCount "64"]
[EventDate "2019.07.12"]
[EventType "swiss"]
[EventRounds "7"]
[EventCountry "BRA"]
[SourceTitle "CBM 195 Extra"]
[Source "ChessBase"]
[SourceDate "2020.05.31"]
[SourceVersion "1"]
[SourceVersionDate "2020.05.31"]
[SourceQuality "1"]

1. d4 f5 2. Bg5 g6 3. Nf3 Bg7 4. Nc3 h6 5. Bf4 d5 6. Ne5 g5 7. e4 Nf6 8. Nxd5 0-0 9. Bc4 Nxd5 10. exd5 gxf4 11. Qh5 Qd6 12. 0-0-0 Nd7 13. Ng6 Rf7 14. Rde1 Nf6 15. Qf3 b5 16. Bb3 Ne4 17. Nxf4 b4 18. g4 Ng5 19. Qe3 fxg4 20. Nd3 Nf3 21. Ne5 Nxe1 22. Nxf7 Kxf7 23. Rxe1 Bf5 24. f3 h5 25. Kb1 Bf6 26. fxg4 hxg4 27. Rf1 Qd7 28. Qh6 Rg8 29. Qh5+ Kf8 30. Qh6+ Ke8 31. Qh7 Rh8 32. Qg6+ Kd8 0-1

[Event "Santa Catarina State-ch 63rd"]
[Site "Timbo"]
[Date "2019.06.07"]
[Round "1"]
[White "De Oliveira, Guilherme Alfredo B"]
[Black "Quadra, Derek Erdmann"]
[Result "1-0"]
[WhiteElo "1978"]
[BlackElo "1331"]
[PlyCount "51"]
[EventDate "2019.06.07"]
[EventType "swiss"]
[EventRounds "6"]
[EventCountry "BRA"]
[SourceTitle "EXT 2020"]
[Source "ChessBase"]
[SourceDate "2019.10.17"]
[SourceVersion "1"]
[SourceVersionDate "2019.10.17"]
[SourceQuality "1"]

1. e4 e6 2. d4 c5 3. Nf3 Nc6 4. d5 exd5 5. exd5 Nge7 6. d6 Nf5 7. Qe2+ Nce7 8. dxe7 Bxe7 9. c4 0-0 10. Qd3 d6 11. Be2 Re8 12. Nc3 Bf6 13. Nd5 Bd4 14. 0-0 Be6 15. Rb1 Bxd5 16. cxd5 Qd7 17. Ng5 Bf6 18. Bg4 Re5 19. f4 Bxg5 20. fxe5 Bxc1 21. Bxf5 Qe7 22. Bxh7+ Kf8 23. Rbxc1 Rc8 24. Qg6 Rc7 25. Qh5 g6 26. Qxg6 1-0

[Event "Sao Bento do Sul op 05"]
[Site "Sao Bento do Sul"]
[Date "2019.05.17"]
[Round "1"]
[White "De Oliveira, Guilherme Alfredo B"]
[Black "Kim, Andre"]
[Result "1-0"]
[WhiteElo "2001"]
[BlackElo "1250"]
[PlyCount "55"]
[EventDate "2019.05.17"]
[EventType "swiss"]
[EventRounds "7"]
[EventCountry "BRA"]
[SourceTitle "CBM 195 Extra"]
[Source "ChessBase"]
[SourceDate "2020.05.31"]
[SourceVersion "1"]
[SourceVersionDate "2020.05.31"]
[SourceQuality "1"]

1. e4 e6 2. d4 b6 3. Bd3 Bb7 4. f4 Nf6 5. Nd2 Be7 6. Ngf3 0-0 7. 0-0 d5 8. e5 Ne4 9. Qe2 Nxd2 10. Bxd2 Nd7 11. g4 c5 12. c3 c4 13. Bc2 Re8 14. h4 Bxh4 15. Qh2 h6 16. Nxh4 f6 17. g5 Kf7 18. Bg6+ Ke7 19. exf6+ Kd6 20. fxg7 Rg8 21. gxh6 Nf6 22. f5+ Kc6 23. Bg5 b5 24. fxe6 Qe7 25. Rxf6 Qc7 26. e7+ Kd7 27. Bf5+ Ke8 28. Qxc7 1-0

[Event "Florianopolis op 5th"]
[Site "Florianopolis"]
[Date "2019.01.27"]
[Round "10"]
[White "De Oliveira, Guilherme Alfredo B"]
[Black "Sato, Claudio Takeshi"]
[Result "1-0"]
[WhiteElo "1893"]
[BlackElo "1560"]
[PlyCount "73"]
[EventDate "2019.01.21"]
[EventType "swiss"]
[EventRounds "10"]
[EventCountry "BRA"]
[SourceTitle "EXT 2020"]
[Source "ChessBase"]
[SourceDate "2019.10.17"]
[SourceVersion "1"]
[SourceVersionDate "2019.10.17"]
[SourceQuality "1"]

1. d4 Nf6 2. Nf3 e6 3. g3 b6 4. Bg2 Bb7 5. 0-0 Be7 6. c4 0-0 7. Nc3 d5 8. Ne5 Nbd7 9. Qa4 Nxe5 10. dxe5 Nd7 11. cxd5 Nc5 12. Qg4 exd5 13. Bh6 Ne6 14. Rfd1 c6 15. Be3 Qc7 16. f4 f5 17. exf6 Rxf6 18. Rac1 Qb8 19. Rxd5 Qf8 20. Rd2 Re8 21. Ne4 Rg6 22. Qf3 Qf5 23. Nf2 h5 24. Bh3 Qa5 25. Qe4 Nf8 26. Bd7 Bb4 27. Qc4+ Kh8 28. Bxe8 Bxd2 29. Bxd2 Qxd2 30. Rd1 Qxb2 31. Bxg6 Nxg6 32. Qf7 Kh7 33. Qxb7 Qxe2 34. Qxc6 h4 35. Qe4 Qh5 36. Rd5 Qh6 37. Ng4 1-0

[Event "Florianopolis op 5th"]
[Site "Florianopolis"]
[Date "2019.01.26"]
[Round "8"]
[White "De Oliveira, Guilherme Alfredo B"]
[Black "Soares, Joao Carlos TC"]
[Result "0-1"]
[WhiteElo "1893"]
[BlackElo "2077"]
[PlyCount "100"]
[EventDate "2019.01.21"]
[EventType "swiss"]
[EventRounds "10"]
[EventCountry "BRA"]
[SourceTitle "CBM 188 Extra"]
[Source "ChessBase"]
[SourceDate "2019.02.26"]
[SourceVersion "1"]
[SourceVersionDate "2019.02.26"]
[SourceQuality "1"]

1. Nf3 d6 2. d4 Nf6 3. Bf4 Nbd7 4. e3 g6 5. Bc4 Bg7 6. Bxf7+ Kxf7 7. Ng5+ Kg8 8. Ne6 Qe8 9. Nxc7 Qd8 10. Nxa8 b6 11. Qf3 Nb8 12. Qe2 Ba6 13. c4 Bb7 14. Nxb6 axb6 15. 0-0 Nh5 16. Bg3 Nxg3 17. fxg3 Nd7 18. Nc3 h6 19. Nd5 Bxd5 20. cxd5 Kh7 21. h4 Nf6 22. e4 h5 23. Rad1 Ng4 24. Rf3 Qd7 25. Rb3 Qa4 26. Rbd3 Rf8 27. b3 Qb5 28. R1d2 Qb4 29. a3 Qxa3 30. Rf3 Rc8 31. Rd1 Qb4 32. Qd2 Qb5 33. Rdf1 Nf6 34. e5 dxe5 35. dxe5 Qxd5 36. Qg5 Qc5+ 37. Qe3 Qxe3+ 38. Rxe3 Ng4 39. Re4 Nxe5 40. Rfe1 Rc5 41. Rd1 Bf6 42. Rb4 b5 43. Re4 Kg7 44. Rf1 Ng4 45. Rd1 Nh6 46. Kh2 Be5 47. b4 Rc3 48. Kg1 Bd6 49. Red4 Ng4 50. Re1 Rb3 0-1

[Event "Florianopolis blitz op 5th"]
[Site "Florianopolis"]
[Date "2019.01.23"]
[Round "2"]
[White "De Oliveira, Guilherme Alfredo B"]
[Black "Sunye Neto, Jaime"]
[Result "0-1"]
[WhiteElo "1906"]
[BlackElo "2446"]
[PlyCount "96"]
[EventDate "2019.01.23"]
[EventType "swiss (blitz)"]
[EventRounds "11"]
[EventCountry "BRA"]
[SourceTitle "CBM 188 Extra"]
[Source "ChessBase"]
[SourceDate "2019.02.26"]
[SourceVersion "1"]
[SourceVersionDate "2019.02.26"]
[SourceQuality "1"]

1. e4 c5 2. Nf3 e6 3. d4 cxd4 4. Nxd4 a6 5. Nc3 b5 6. a3 Bb7 7. Bd3 Bc5 8. Nb3 Bb6 9. 0-0 Nc6 10. Kh1 Nf6 11. f4 d6 12. Qf3 Qc7 13. Bd2 0-0 14. Rae1 b4 15. Na4 bxa3 16. Nxb6 Qxb6 17. bxa3 Ne7 18. Bc3 Nd7 19. Qg4 Ng6 20. h4 Rfc8 21. Ba1 Qd8 22. h5 Qh4+ 23. Qxh4 Nxh4 24. g3 Nf5 25. Kh2 Ne7 26. Rb1 Bc6 27. Na5 Ba4 28. Rb7 Bxc2 29. Be2 Ba4 30. Rfb1 Kf8 31. Bf3 Nc5 32. R7b4 Bc6 33. Nc4 Rd8 34. Nb6 Rab8 35. a4 a5 36. R4b2 Bxe4 37. Bxe4 Nxe4 38. Rb5 Nc5 39. Rxa5 Nc6 40. Rab5 Na7 41. R5b4 Nc6 42. Rb5 Rb7 43. h6 gxh6 44. Bf6 Re8 45. a5 Ne4 46. Bh4 Ra7 47. Ra1 Kg7 48. Kg2 f5 0-1

[Event "Florianopolis op 5th"]
[Site "Florianopolis"]
[Date "2019.01.22"]
[Round "2"]
[White "De Oliveira, Guilherme Alfredo B"]
[Black "Borges, Guilherme Deola"]
[Result "0-1"]
[WhiteElo "1893"]
[BlackElo "2171"]
[PlyCount "80"]
[EventDate "2019.01.21"]
[EventType "swiss"]
[EventRounds "10"]
[EventCountry "BRA"]
[SourceTitle "CBM 188 Extra"]
[Source "ChessBase"]
[SourceDate "2019.02.26"]
[SourceVersion "1"]
[SourceVersionDate "2019.02.26"]
[SourceQuality "1"]

1. d4 Nf6 2. c4 c5 3. Nf3 cxd4 4. Nxd4 e5 5. Nc2 b5 6. Bg5 b4 7. e4 Bc5 8. Qf3 Nc6 9. Nd2 Bb7 10. 0-0-0 a5 11. Nb3 Be7 12. Bxf6 gxf6 13. g3 a4 14. Nd2 Qb6 15. Bh3 Na5 16. b3 Bc6 17. Rhf1 Nb7 18. Qe3 Nc5 19. f4 d6 20. Kb2 Qa7 21. Ra1 Qb7 22. Bf5 Ra5 23. fxe5 dxe5 24. h4 h5 25. Qf3 Ra8 26. g4 hxg4 27. Qxg4 Nd3+ 28. Kb1 Nf4 29. Ne3 Qa7 30. Nd5 Qd4 31. Nxf4 Qxd2 32. Qe2 Qxe2 33. Nxe2 Rxh4 34. Ng3 Bc5 35. Kc1 axb3 36. Kd2 Rh2+ 37. Ne2 Rxa2+ 38. Rxa2 bxa2 39. Kd3 Rxe2 40. Kxe2 Bd4 0-1

[Event "Sao Bento do Sul op 10"]
[Site "Sao Bento do Sul"]
[Date "2018.10.21"]
[Round "7"]
[White "De Oliveira, Guilherme Alfredo B"]
[Black "Almeida Junior, Alvaro Alves de"]
[Result "0-1"]
[WhiteElo "1929"]
[BlackElo "2022"]
[PlyCount "92"]
[EventDate "2018.10.19"]
[EventType "swiss"]
[EventRounds "7"]
[EventCountry "BRA"]
[SourceTitle "EXT 2021"]
[Source "ChessBase"]
[SourceDate "2020.10.23"]
[SourceVersion "1"]
[SourceVersionDate "2020.10.23"]
[SourceQuality "1"]

1. d4 Nf6 2. Nf3 d5 3. g3 Bg4 4. Ne5 Bf5 5. Bg2 Be4 6. f3 Bf5 7. c4 e6 8. Nc3 c5 9. e4 Bg6 10. Nxg6 hxg6 11. exd5 exd5 12. Qe2+ Be7 13. dxc5 0-0 14. Bd2 Bxc5 15. 0-0-0 Re8 16. Qd3 d4 17. Bg5 Nc6 18. Nd5 Ne5 19. Qb3 Qd6 20. Bxf6 gxf6 21. h3 Rac8 22. Kb1 Nc6 23. f4 Ne7 24. Qd3 Kg7 25. Rhe1 Nxd5 26. Bxd5 Re3 27. Rxe3 dxe3 28. Qe2 Qe7 29. h4 Re8 30. Rc1 Qd7 31. b3 Qh3 32. g4 Qxh4 33. Bxb7 Qg3 34. Rf1 Rh8 35. Rh1 Rxh1+ 36. Bxh1 Qxf4 37. Bf3 f5 38. gxf5 Qxf5+ 39. Kb2 Qe5+ 40. Kc2 Qa1 41. Kd3 Qd4+ 42. Kc2 Ba3 43. Bd5 f5 44. Qg2 Bb4 45. Ba8 Qc3+ 46. Kd1 Qd3+ 0-1

[Event "Sao Bento do Sul op 10"]
[Site "Sao Bento do Sul"]
[Date "2018.10.21"]
[Round "6"]
[White "De Oliveira, Guilherme Alfredo B"]
[Black "Da Silva, Matheus Barbosa"]
[Result "1-0"]
[WhiteElo "1929"]
[BlackElo "1627"]
[PlyCount "55"]
[EventDate "2018.10.19"]
[EventType "swiss"]
[EventRounds "7"]
[EventCountry "BRA"]
[SourceTitle "EXT 2021"]
[Source "ChessBase"]
[SourceDate "2020.10.23"]
[SourceVersion "1"]
[SourceVersionDate "2020.10.23"]
[SourceQuality "1"]

1. d4 d5 2. e3 e6 3. Bd3 Nf6 4. Nd2 c5 5. c3 Nbd7 6. f4 Bd6 7. Ngf3 0-0 8. Ne5 a6 9. 0-0 Qc7 10. Rf3 Bxe5 11. fxe5 Ng4 12. Rg3 Nh6 13. Qh5 Nf5 14. Rh3 h6 15. g4 g6 16. gxf5 gxh5 17. Rxh5 exf5 18. Rxh6 Kg7 19. Rh3 Rg8 20. Nf3 Kf8+ 21. Kf2 Nb6 22. b3 c4 23. bxc4 Nxc4 24. Rh6 Nxe5 25. Nxe5 Qxc3 26. Rb1 Kg7 27. Rh3 f6 28. Rb3 1-0